| 000 | 00514nam a2200181Ia 4500 | ||
|---|---|---|---|
| 008 | 240925s9999 xx 000 0 und d | ||
| 020 | _a9788120344242 | ||
| 082 | _a621.3104 DE | ||
| 100 | _aDe, Nisit K.; Dutta, Swapan K. | ||
| 245 | 0 | _aElectric machines and electric drives: Problems with solutions | |
| 250 | _aNA | ||
| 260 |
_aNew Delhi: _bPHI learning Pvt Ltd _c,2013. |
||
| 300 |
_a596p. _b0 _fOriginal |
||
| 500 | _aIncludes Index | ||
| 600 | _aPower Engineering | ||
| 650 | _aTechnology | ||
| 942 | _cBK | ||
| 999 |
_c13170 _d13170 |
||